000 01135nam0a22002771 4500
001 rc\2928239
005 20250529225925.0
035 _a(NLR Aleph) 007077875
090 _a6446548
_c6446548
100 _a20110817d1933 |||y0rusy50 ca
101 0 _arus
102 _aRU
105 _aa z |||||
200 1 _aИзвестняки и мергели
_fЕ.П. Брунс и С.Г. Вишняков
210 _a[Ленинград]
_a[Москва]
_cБ. и.
_d[1933]
215 _aС. 127-165
_cил.
_d22 см
300 _aОтт. из: Полезные ископаемые Ленинградской области и Карельской АССР.Ч. 1. Ленинградская обл. Л.-М., 1933. с. 127-165 с ил.
320 _aБиблиогр.: с. 149
423 0 _12001#$aДоломиты
_1700#1$aВишняков$bС.Г.$4070
_tДоломиты
_aВишняков, С.Г.
700 1 _aБрунс
_bЕ.П.
_f1906-1963
_gЕлизавета Павловна
701 1 _aВишняков
_bС.Г.
801 0 _aRU
_bNLR
_gpsbo
801 1 _aRU
_bELAR
_2rusmarc
852 _aNLR
_j33-10/4085
942 _cBOOK
980 _aNB